Začne sa milénium kolapsom IS?
Interpretácia dvojčíslia 00 počítačmi ako roku 1900. Oblasti života, ktoré môže zasiahnuť "vírus tisícročia". Možný kolaps informačných systémov je globálnym problémom. Rôzne varianty riešenia tohto problému. Odhadované náklady pri odstraňovaní "vírusu tisícročia".
Guardado en:
| Autor principal: | |
|---|---|
| Formato: | Capítulo de libro |
| Lenguaje: | eslovaco |
| Materias: | |
| Etiquetas: |
Sin Etiquetas, Sea el primero en etiquetar este registro!
|
MARC
| LEADER | 00000naa a2200000 4500 | ||
|---|---|---|---|
| 001 | r034352 | ||
| 005 | 20230929112753.9 | ||
| 041 | 0 | |a slo | |
| 044 | |a SK | ||
| 245 | 1 | 0 | |a Začne sa milénium kolapsom IS? |c Andrea Hinková |
| 520 | |a Interpretácia dvojčíslia 00 počítačmi ako roku 1900. Oblasti života, ktoré môže zasiahnuť "vírus tisícročia". Možný kolaps informačných systémov je globálnym problémom. Rôzne varianty riešenia tohto problému. Odhadované náklady pri odstraňovaní "vírusu tisícročia". | ||
| 610 | 2 | 0 | |a systémy informačné |
| 610 | 2 | 0 | |a počítače |
| 610 | 2 | 0 | |a softvér |
| 610 | 2 | 0 | |a vírusy |
| 610 | 2 | 0 | |a problémy globálne |
| 610 | 2 | 0 | |a náklady spoločensky nevyhnutné |
| 610 | 2 | 0 | |a technika výpočtová |
| 610 | 2 | 0 | |a systémy počítačové |
| 610 | 2 | 0 | |a 2000 |
| 100 | 1 | |a Hinková-Dibarborová, Andrea | |